00449nam a22001577a 450000500170000000800410001702000190005804100120007708200140008910000120010324500470011525000190016226000520018130000320023365000260026520241205092754.0241205b |||||||| |||| 00| 0 eng d a9781485133643  aEnglish a340.1 DEV lEnglish aDevenish on Interpretation / cGE Devenish aSecond Edition aCape Town: bJuta and Company (Pty) Ltd, c2024 bxxxiii, 570 pages; c26 cm. aLegal practice bLaw